=LDR 00000nam 2200000 4500 =001 INLIS000000000002737 =005 20240131071610 =035 ##$$a 0010-061300000002737 =008 240131###########################0###### =041 ##$$a Ind =082 ##$$a 320.5 =090 ##$$a 320.5p, Wij p =100 ##$$a Widjaja, H.A.W =245 1#$$a Penerapan nilai-nilai pancasila dan hak asasi manusia di Indonesia /$c Prof. Drs. H.A.W Widjaja =260 ##$$a Jakarta :$b Rineka Cipta,$c 2000 =300 ##$$a xiv, 108 hlm., 21 cm =650 #4$$a Pancasila =850 ##$$a NBPNMAT =020 ##$$a 9795187333 =084 ##$$a 320.5 WID p =250 ##$$a Cet. 1 =990 ##$$a AN00001896 =990 ##$$a AN00001897 =990 ##$$a AN00001898 =990 ##$$a An00001899 =990 ##$$a 00051821 =990 ##$$a 0001/BPAP-NTB/20142014